Xiamen City Quiz - Statistics

General Stats
  • This quiz has been taken 14 times
  • The average score is 7 of 20
Answer Stats
Hint Answer % Correct
Province in which Xiamen is located Fujian
100%
Most of Xiamen city is located on this island Xiamen Island
85%
Known as the most beautiful university in China Xiamen University
85%
Small island famous for tourism southwest of Xiamen Gulangyu
77%
Beach in Xiamen outside the gates of the above university Baicheng Beach
46%
Famous temple located northwest of this university South Putuo Temple
46%
Large rock that is the highest point of this island Sunlight Rock
31%
City lake in the western city center in Xiamen Yundang Lake
31%
Most famous shopping street in Xiamen city center Zhongshan Road
31%
Ancient fortress located east of this beach by the sea Hulishan Fortress
23%
Garden, formerly a private villa, on the south part of this island Shuzhuang Garden
23%
Memorial hall on this island devoted to this historical figure Zheng Chenggong
23%
Large forest park in northwest continental Xiamen Mount Tianzhu
15%
Mountain park northeast of this temple, largest on the main island Wanshi Mountain
15%
Beach with coconut trees along a three-kilometer-long road Yefengzhai
15%
Fishing village that became a center of culture and creativity Zengcuo’an Village
15%
Palace that honors Baosheng Emperor, a deified local doctor Ciji Palace
8%
Scenic area that displays the history and culture of the local people Laoyuanzi
8%
Fishing district that became the origin of Xiamen port Shapowei
8%
Film studios located north of Xiamen, a replica of the Forbidden City Tong’an Media City
8%
No matching quizzes found
Score Distribution
Percent of People with Each Score
Percentile by Number Answered
Your Score History
You have not taken this quiz